[Event "chess.com IoM Masters"]
[Site "Douglas ENG"]
[Date "2016.10.09"]
[Round "9.29"]
[White "Shvayger, Yuliya"]
[Black "Romanishin, Oleg M"]
[Result "1/2-1/2"]
[WhiteTitle "WIM"]
[BlackTitle "GM"]
[WhiteElo "2405"]
[BlackElo "2456"]
[WhiteFideId "14100126"]
[BlackFideId "14100088"]
[EventDate "2016.10.01"]

1. e4 e5 2. Nf3 Nc6 3. Nc3 Nf6 4. Bb5 Nd4 5. Bc4 Nxf3+ 6. gxf3 Bc5 7. Rg1 O-O 8.
d4 exd4 9. Bh6 g6 10. Na4 Bb4+ 11. c3 dxc3 12. Nxc3 d5 13. Bxf8 Qxf8 14. Qd4
Nxe4 15. fxe4 dxc4 16. O-O-O Be6 17. Nd5 Bxd5 18. exd5 b5 19. Kb1 Bc5 20. Qf4
Qd6 21. Qf3 b4 22. Rc1 c3 23. bxc3 Rb8 24. c4 a5 25. h4 a4 26. h5 b3 27. hxg6
hxg6 28. a3 Bd4 29. c5 Bxc5 30. Rc4 b2 31. Rxa4 Qb6 32. Rh1 Qb3 33. Qxb3 Rxb3
34. Rc4 Bd6 35. a4 Rd3 36. Kxb2 Rxd5 37. Kc2 Rf5 38. Rf1 Kf8 39. f3 Ke7 40. Kd3
Kd7 41. Ke2 Re5+ 42. Re4 Ra5 43. Ra1 g5 44. Rc4 f5 45. Kd3 f4 46. Rb1 Re5 47.
Re4 Rd5+ 48. Ke2 Rc5 49. Rb2 Rc3 50. Ra2 g4 51. fxg4 Rg3 52. Ra1 Rg2+ 53. Kd3
Rxg4 54. a5 Rg8 55. a6 f3 56. a7 Ra8 57. Rc4 Be5 58. Rd1 1/2-1/2

[Event "chess.com IoM Masters"]
[Site "Douglas ENG"]
[Date "2016.10.09"]
[Round "9.30"]
[White "Tate, Alan"]
[Black "Marin, Mihail"]
[Result "0-1"]
[WhiteTitle "FM"]
[BlackTitle "GM"]
[WhiteElo "2376"]
[BlackElo "2569"]
[WhiteFideId "2401878"]
[BlackFideId "1200020"]
[EventDate "2016.10.01"]

1. e4 c6 2. d4 d5 3. e5 Bf5 4. h4 h6 5. g4 Bd7 6. Nc3 e6 7. Be3 c5 8. dxc5 Qc7
9. Nb5 Bxb5 10. Bxb5+ Nc6 11. c3 Qxe5 12. Ne2 Qc7 13. Qa4 h5 14. gxh5 Rxh5 15.
O-O-O O-O-O 16. Bf4 e5 17. Bg5 Rxg5 18. hxg5 Bxc5 19. Kb1 Nge7 20. Qg4+ Kb8 21.
Qf3 Rf8 22. Rh7 e4 23. Qg3 g6 24. Ba4 Ne5 25. Nf4 Nf3 26. Qg4 Qe5 27. Nd3 Qxg5
28. Qxg5 Nxg5 29. Nxc5 Nxh7 30. Nd7+ Kc7 31. Rh1 Nc6 32. Nxf8 Nxf8 33. Bb3 Ne7
34. Rd1 Kc6 35. c4 Kd6 36. cxd5 Nd7 37. Kc2 Ne5 38. Kc3 Ng4 39. Rd2 f5 40. a4 f4
41. Bc2 Nf6 42. Kc4 Nf5 43. Re2 Ke5 44. Bxe4 Nxe4 45. Kd3 Ne3 46. d6 Nc5+ 47.
Kd2 Ne4+ 48. Kd3 g5 49. fxe3 f3 50. Rc2 Nxd6 51. Rc5+ Kf6 52. e4 f2 53. e5+ Ke6
54. Ke2 Ne4 55. Rc8 Kxe5 56. Rf8 g4 57. Kf1 Kd4 58. Kg2 g3 59. Rd8+ Ke3 60. Re8
Kd3 0-1

[Event "chess.com IoM Masters"]
[Site "Douglas ENG"]
[Date "2016.10.09"]
[Round "9.31"]
[White "Khmelniker, Ilya"]
[Black "Mannion, Stephen R"]
[Result "1-0"]
[WhiteTitle "GM"]
[BlackTitle "IM"]
[WhiteElo "2493"]
[BlackElo "2313"]
[WhiteFideId "2805340"]
[BlackFideId "2400111"]
[EventDate "2016.10.01"]

1. c4 e5 2. Nc3 Bb4 3. Nd5 a5 4. a3 Be7 5. d4 d6 6. Nf3 e4 7. Nd2 f5 8. Nb1 Nf6
9. Nxe7 Qxe7 10. Nc3 O-O 11. Bg5 Be6 12. e3 Nbd7 13. Be2 h6 14. Bh4 Nb6 15. d5
Bd7 16. Bg3 Be8 17. Rc1 Nbd7 18. Nb5 Nc5 19. Nd4 Bd7 20. b4 axb4 21. axb4 Na6
22. Qb3 Kh8 23. O-O c5 24. dxc6 bxc6 25. c5 dxc5 26. bxc5 Rfe8 27. Bd6 Qd8 28.
Ra1 Nc7 29. Rxa8 Nxa8 30. Ra1 Nc7 31. Qb7 Ncd5 32. Nxc6 Qc8 33. Qxc8 Rxc8 34.
Ne7 Nxe7 35. Bxe7 Nd5 36. Bd6 Nc3 37. Bh5 Nb5 38. Bg6 Kg8 39. h4 Be6 40. Ra6 Bd7
41. Rb6 Nc3 42. Rb7 Bc6 43. Ra7 Nb5 44. Re7 1-0

[Event "chess.com IoM Masters"]
[Site "Douglas ENG"]
[Date "2016.10.09"]
[Round "9.32"]
[White "Balint, Vilmos"]
[Black "Paehtz, Elisabeth"]
[Result "0-1"]
[BlackTitle "IM"]
[WhiteElo "2334"]
[BlackElo "2459"]
[WhiteFideId "718050"]
[BlackFideId "4641833"]
[EventDate "2016.10.01"]

1. Nf3 c5 2. c4 Nc6 3. d4 cxd4 4. Nxd4 g6 5. Nc3 Bg7 6. e3 Nf6 7. b3 Qa5 8. Qd2
Nxd4 9. exd4 h5 10. Nb5 Qd8 11. Bd3 d5 12. Qf4 O-O 13. O-O dxc4 14. bxc4 a6 15.
Na3 Ng4 16. h3 Bxd4 17. hxg4 Bxa1 18. Rd1 Bxg4 19. Be2 Qa5 20. f3 Be6 21. Bd2
Bc3 0-1

[Event "chess.com IoM Masters"]
[Site "Douglas ENG"]
[Date "2016.10.09"]
[Round "9.33"]
[White "Webb, Laurence E"]
[Black "Daulyte, Deimante"]
[Result "0-1"]
[WhiteTitle "FM"]
[BlackTitle "IM"]
[WhiteElo "2280"]
[BlackElo "2429"]
[WhiteFideId "402389"]
[BlackFideId "12802859"]
[EventDate "2016.10.01"]

1. d4 Nf6 2. c4 g6 3. Nc3 Bg7 4. Nf3 d6 5. Bg5 h6 6. Bh4 g5 7. Bg3 Nh5 8. e3 O-O
9. Qc2 e6 10. Be2 Nd7 11. Nd2 Nxg3 12. hxg3 f5 13. O-O-O c5 14. d5 exd5 15. Nxd5
Nf6 16. Bf3 Rb8 17. Nb1 a6 18. Nxf6+ Qxf6 19. Nc3 b5 20. Qd2 Rd8 21. Bd5+ Kh8
22. f4 g4 23. e4 b4 24. Nb1 fxe4 25. Rde1 a5 26. Bxe4 Be6 27. b3 a4 28. Bc2 d5
29. Rxe6 Qxe6 30. Qd3 Kg8 31. Qh7+ Kf8 32. Rh5 Qe1+ 33. Bd1 Rb7 34. Rf5+ Rf7 35.
Rxf7+ Kxf7 36. Qf5+ Kg8 37. cxd5 Qe3+ 38. Nd2 Qd4 39. Bxg4 Rxd5 40. Qe6+ Kf8 41.
Qc8+ Rd8 42. Qf5+ Bf6 43. Qc2 Qe3 0-1

[Event "chess.com IoM Masters"]
[Site "Douglas ENG"]
[Date "2016.10.09"]
[Round "9.34"]
[White "Gaponenko, Inna"]
[Black "Bianco, Valerio"]
[Result "1-0"]
[WhiteTitle "IM"]
[WhiteElo "2421"]
[BlackElo "2074"]
[WhiteFideId "14101181"]
[BlackFideId "800600"]
[EventDate "2016.10.01"]

1. e4 Nc6 2. Nf3 d6 3. d4 Nf6 4. Nc3 g6 5. Bb5 a6 6. Bxc6+ bxc6 7. O-O Bg7 8. h3
O-O 9. Re1 Nd7 10. Bg5 f6 11. Bh4 e5 12. dxe5 Nxe5 13. Nxe5 dxe5 14. Qxd8 Rxd8
15. Red1 Be6 16. f3 Kf7 17. b3 Bf8 18. Rxd8 Rxd8 19. Rd1 Bc5+ 20. Kf1 Rxd1+ 21.
Nxd1 g5 22. Bf2 Bxf2 23. Nxf2 Ke7 24. Ke2 h5 25. Kd2 Kd6 26. Nd3 c5 27. c4 Kc6
28. Nb2 Bd7 29. Nd1 Kd6 30. Ne3 c6 31. Kc3 a5 32. Kb2 Kc7 33. Nd1 Bc8 34. Nf2 h4
35. Nd3 Kb6 36. Kc3 Be6 37. Nb2 Kc7 38. Kd3 Kd6 39. Na4 Bd7 40. Nc3 Be6 41. Ke3
Bc8 42. Kf2 Bd7 43. Nd1 Be6 44. Ne3 Ke7 45. Ke2 Bd7 46. Nd1 Kd6 47. Nc3 Kc7 48.
Kf2 Kd6 49. Kg1 Be8 50. g3 hxg3 51. Kg2 Bh5 52. Kxg3 Kc7 53. Na4 Kd6 54. Nb2 Kc7
55. Kg2 Kd7 56. Na4 Kd6 57. Kg3 Bf7 58. h4 gxh4+ 59. Kxh4 Be6 60. Nb2 Bf7 61.
Kg4 Be6+ 62. Kh5 Bh3 63. Na4 Bg2 64. Kg4 Bf1 65. Nc3 Ke7 66. Na4 Kd6 67. Kf5 Bg2
68. Kxf6 Bxf3 69. Nc3 Bg2 70. Kf5 Bh3+ 71. Kg5 Bf1 72. Kg4 Ke6 73. Kg3 Kd6 74.
Kf3 Bd3 75. Kg4 Bf1 76. Na4 Bg2 77. Kf5 Bh3+ 78. Kf6 Bg2 79. Nc3 Bf3 80. Kf5 Bh5
81. Na4 Bf7 82. Nb2 Bg8 83. Kg6 Be6 84. Kf6 Bh3 85. Nd3 Bg2 86. Nf2 Bf3 87. Kf5
Bg2 88. Nd1 Bh3+ 89. Kg5 Ke6 90. Ne3 Ke7 91. Nd1 Be6 92. Nf2 a4 93. Nd3 axb3 94.
axb3 Kd6 95. Kf6 Bg4 96. Nxe5 Bd1 97. Nf7+ Kc7 98. e5 Bg4 99. e6 Bh3 100. Ne5
Kd8 101. Kf7 1-0

[Event "chess.com IoM Masters"]
[Site "Douglas ENG"]
[Date "2016.10.09"]
[Round "9.35"]
[White "Karavade, Eesha"]
[Black "Taylor, Adam C"]
[Result "1-0"]
[WhiteTitle "IM"]
[BlackTitle "FM"]
[WhiteElo "2421"]
[BlackElo "2236"]
[WhiteFideId "5012600"]
[BlackFideId "424668"]
[EventDate "2016.10.01"]

1. Nf3 Nf6 2. c4 c5 3. Nc3 g6 4. g3 Bg7 5. Bg2 Nc6 6. d4 cxd4 7. Nxd4 O-O 8. O-O
d6 9. Nxc6 bxc6 10. Bxc6 Rb8 11. Qa4 Bb7 12. Bxb7 Rxb7 13. Rb1 Nd7 14. Bd2 Qb8
15. Qc2 Rc8 16. b3 Bxc3 17. Bxc3 d5 18. Qd3 dxc4 19. bxc4 Rxb1 20. Rxb1 Qc7 21.
Rc1 Nb6 22. Bd4 Nxc4 23. Bxa7 Qxa7 24. Rxc4 Ra8 25. a4 Qa5 26. Kg2 h5 27. Qe4 e6
28. Rb4 Kg7 29. Qd4+ Kh7 30. Rb7 Kg8 31. h4 Rd8 32. Rd7 Ra8 33. Qf4 Rf8 34. Rb7
Qa8 35. Qe4 Kg7 36. Rb4 Qxe4+ 37. Rxe4 Ra8 38. Kf3 Kf6 39. Ke3 Ke7 40. Kd3 Kd6
41. Kc3 Kc6 42. Rf4 Ra7 43. Rc4+ Kb6 44. e4 Rd7 45. e5 Rd5 46. Rf4 Rd7 47. Rd4
Ra7 48. Kb4 Kc6 49. a5 Rb7+ 50. Kc4 Rb2 51. Rf4 Rb7 52. a6 Ra7 53. Rd4 Kc7 54.
Kb5 1-0

[Event "chess.com IoM Masters"]
[Site "Douglas ENG"]
[Date "2016.10.09"]
[Round "9.36"]
[White "Tarjan, James E"]
[Black "Tirziman, Rudolf"]
[Result "1-0"]
[WhiteTitle "GM"]
[WhiteElo "2420"]
[BlackElo "1923"]
[WhiteFideId "2000180"]
[BlackFideId "2508664"]
[EventDate "2016.10.01"]

1. c4 e6 2. g3 Nf6 3. Bg2 c5 4. Nf3 Nc6 5. O-O Qb6 6. b3 d5 7. cxd5 exd5 8. Bb2
Be7 9. Nc3 O-O 10. d4 cxd4 11. Na4 Qa6 12. Nxd4 Rd8 13. Nxc6 bxc6 14. Qd4 Bf8
15. e3 Re8 16. Nc5 Qb6 17. Rac1 Nd7 18. Na4 Qa6 19. Rxc6 Qxc6 20. Bxd5 Qd6 21.
Bxa8 Qxd4 22. Bxd4 Ba6 23. Bc6 Bxf1 24. Kxf1 Re7 25. Ke2 Nb8 26. Bb5 g6 27. Kd3
Bg7 28. Nc5 Rc7 29. Kc4 Bxd4 30. exd4 Kf8 31. Kd5 Ke7 32. b4 Rc8 33. a4 Rd8+ 34.
Ke5 f6+ 35. Ke4 Rd6 36. a5 a6 37. Ba4 Nc6 38. Bxc6 Rxc6 39. d5 Rd6 40. Kd4 h5
41. h4 g5 42. Ne6 gxh4 43. gxh4 Rd7 44. Kc5 Rb7 45. Nd4 Kd7 46. b5 Rc7+ 47. Nc6
axb5 48. a6 Rc8 49. Kxb5 Kd6 50. Kc4 Ra8 51. a7 Kc7 52. Kc5 Kb7 53. d6 Rc8 54.
Kd5 Rg8 55. d7 Kc7 56. d8=Q+ 1-0

[Event "chess.com IoM Masters"]
[Site "Douglas ENG"]
[Date "2016.10.09"]
[Round "9.37"]
[White "Osmanodja, Filiz"]
[Black "Merry, Alan B"]
[Result "1-0"]
[WhiteTitle "WIM"]
[BlackTitle "FM"]
[WhiteElo "2299"]
[BlackElo "2388"]
[WhiteFideId "24633569"]
[BlackFideId "418811"]
[EventDate "2016.10.01"]

1. e4 e6 2. d4 d5 3. Nc3 Bb4 4. e5 c5 5. a3 Bxc3+ 6. bxc3 Nc6 7. Nf3 Qa5 8. Bd2
c4 9. h4 Bd7 10. h5 h6 11. Nh4 Nge7 12. g4 O-O-O 13. f4 f6 14. exf6 gxf6 15. Rh3
Rde8 16. Kf2 Rhg8 17. Rg3 Qc7 18. Qf3 Qb6 19. Kg2 Qb2 20. Qd1 e5 21. dxe5 fxe5
22. f5 Kb8 23. f6 Rxg4 24. Rxg4 Bxg4 25. Qxg4 Qxa1 26. f7 Rd8 27. Qf3 Kc7 28.
f8=Q Rxf8 29. Qxf8 Qd1 30. Nf3 Qxc2 31. Qxh6 d4 32. Kg1 dxc3 33. Bc1 Qd1 34. Kg2
Nf5 35. Qg5 e4 36. Bf4+ Kb6 37. Qxf5 exf3+ 38. Kf2 c2 39. Be3+ Nd4 40. Qe6+ Ka5
41. Qxc4 b5 42. Qc3+ Ka6 43. h6 Ne2 44. Qc7 Nd4 45. a4 Qd2+ 46. Bxd2 c1=Q 47.
axb5+ Nxb5 48. Qa5+ 1-0

[Event "chess.com IoM Masters"]
[Site "Douglas ENG"]
[Date "2016.10.09"]
[Round "9.38"]
[White "Player, Edmund C"]
[Black "Houska, Jovanka"]
[Result "0-1"]
[BlackTitle "IM"]
[WhiteElo "2227"]
[BlackElo "2386"]
[WhiteFideId "406520"]
[BlackFideId "405094"]
[EventDate "2016.10.01"]

1. e4 c6 2. d4 d5 3. Nc3 dxe4 4. Nxe4 Nf6 5. Nxf6+ exf6 6. Bc4 Bd6 7. Qe2+ Be7
8. Be3 O-O 9. O-O-O b5 10. Bb3 a5 11. c4 a4 12. Bc2 bxc4 13. Qxc4 Be6 14. Qd3 g6
15. a3 Nd7 16. Ne2 Nb6 17. Nf4 Bc4 18. Qc3 f5 19. h3 Bd6 20. d5 cxd5 21. g4 Rc8
22. Nh5 f6 23. Nxf6+ Rxf6 24. Bg5 Bb3 25. Bxf6 Rxc3 26. Bxd8 Rxc2+ 27. Kb1 Nc4
28. Bf6 Rxf2 29. Rde1 Kf7 30. g5 Bc5 31. h4 d4 32. h5 Rxb2+ 33. Kc1 Rc2+ 34. Kd1
Nb2# 0-1

[Event "chess.com IoM Masters"]
[Site "Douglas ENG"]
[Date "2016.10.09"]
[Round "9.39"]
[White "Kojima, Shinya"]
[Black "Jackson, James P"]
[Result "1-0"]
[WhiteTitle "IM"]
[BlackTitle "FM"]
[WhiteElo "2399"]
[BlackElo "2311"]
[WhiteFideId "7000812"]
[BlackFideId "416860"]
[EventDate "2016.10.01"]

1. Nf3 Nf6 2. c4 g6 3. d4 Bg7 4. g3 O-O 5. Bg2 d6 6. O-O Nbd7 7. Nc3 e5 8. e4 c6
9. h3 Qb6 10. c5 dxc5 11. dxe5 Ne8 12. e6 fxe6 13. Ng5 Ne5 14. f4 Nf7 15. Nxf7
Bd4+ 16. Kh2 Rxf7 17. e5 Qc7 18. Ne4 b6 19. Qc2 a5 20. h4 Ba6 21. Rd1 Ng7 22. a4
Re7 23. Ra3 Rf8 24. Ng5 Rd8 25. Be4 Kh8 26. Kg2 b5 27. g4 b4 28. Rh3 h5 29. Bxg6
hxg4 30. Rg3 c4 31. Bf7 Nf5 32. Nxe6 Nxh4+ 33. Kh1 Rxe6 34. Bxe6 c5 35. Rxg4 Qe7
36. Rxd4 Bb7+ 37. Kh2 cxd4 38. Kg3 Qxe6 39. Rxh4+ Kg8 40. Qh7+ Kf8 41. Qxb7 Qg6+
42. Rg4 Qd3+ 43. Kh4 Qf5 44. Qg7+ Ke8 45. Rg6 Rc8 46. Rf6 1-0

[Event "chess.com IoM Masters"]
[Site "Douglas ENG"]
[Date "2016.10.09"]
[Round "9.40"]
[White "Brunello, Marina"]
[Black "Rakesh, Kumar Jena"]
[Result "1-0"]
[WhiteTitle "FM"]
[BlackTitle "FM"]
[WhiteElo "2382"]
[BlackElo "2247"]
[WhiteFideId "822590"]
[BlackFideId "5084822"]
[EventDate "2016.10.01"]

1. e4 c5 2. Nf3 d6 3. d4 cxd4 4. Nxd4 Nf6 5. Nc3 g6 6. Be3 Bg7 7. f3 O-O 8. Qd2
Nc6 9. O-O-O d5 10. Kb1 Nxd4 11. e5 Nf5 12. exf6 Bxf6 13. Nxd5 Qxd5 14. Qxd5
Nxe3 15. Qd3 Nxd1 16. Qxd1 Bf5 17. Bc4 Rfd8 18. Qe2 g5 19. g4 Bg6 20. h4 h6 21.
h5 Bh7 22. a4 Rd4 23. Rd1 Rad8 24. Rxd4 Rxd4 25. Bb3 a6 26. Ka2 e6 27. Qe3 b5
28. a5 Kg7 29. c3 Rd7 30. Qb6 Rd2 31. Qxa6 Bxc3 32. Ka3 Rxb2 33. Qb7 Bc2 34.
Bxc2 b4+ 35. Ka4 Rxc2 36. a6 Bd4 37. Qe4 Rd2 38. Kxb4 e5 39. Qb1 Rf2 40. Qb3 Rf1
41. Kb5 Ra1 42. Qd3 Rc1 43. Qe4 Rc7 44. Qd5 Re7 45. Qd8 Re6 46. Qc7 e4 47. Qc4
Re5+ 48. Ka4 Bg1 49. fxe4 Re6 50. Kb3 Bb6 51. Kc2 Ba7 52. Qa4 Rd6 53. Qb5 Rb6
54. Qe5+ Kg8 55. Qc7 1-0

[Event "chess.com IoM Masters"]
[Site "Douglas ENG"]
[Date "2016.10.09"]
[Round "9.41"]
[White "Harsha, Bharathakoti"]
[Black "Scott, Gordon W"]
[Result "1/2-1/2"]
[WhiteElo "2363"]
[BlackElo "2168"]
[WhiteFideId "5078776"]
[BlackFideId "419559"]
[EventDate "2016.10.01"]

1. c4 Nf6 2. Nc3 g6 3. g3 Bg7 4. Bg2 O-O 5. e4 d6 6. Nge2 c5 7. O-O Nc6 8. d3 a6
9. h3 Rb8 10. a4 Ne8 11. Be3 Nd4 12. Rb1 Bd7 13. b4 b6 14. f4 Nc7 15. b5 a5 16.
g4 e6 17. Qd2 f5 18. exf5 exf5 19. g5 Be6 20. Bxd4 cxd4 21. Nd5 Bxd5 22. cxd5
Qe7 23. Rbc1 Rfe8 24. Rf2 Qf7 25. Qa2 Rbc8 26. Rc6 Na8 27. Qc2 Rxc6 28. dxc6 Nc7
29. Ng3 Re1+ 30. Kh2 Qe6 31. Re2 Rxe2 32. Qxe2 Kf7 33. h4 Qxe2 34. Nxe2 d5 35.
h5 Ke6 36. h6 Bh8 37. Bh3 Kd6 38. Ng3 Ne6 39. Nxf5+ gxf5 40. Bxf5 Nxf4 41. Bxh7
Be5 42. Kh1 Nh3 43. g6 Nf2+ 44. Kg2 Ng4 45. g7 Nxh6 1/2-1/2

[Event "chess.com IoM Masters"]
[Site "Douglas ENG"]
[Date "2016.10.09"]
[Round "9.42"]
[White "Zozulia, Anna"]
[Black "Bellaiche, Anthony"]
[Result "1/2-1/2"]
[WhiteTitle "IM"]
[BlackTitle "IM"]
[WhiteElo "2303"]
[BlackElo "2494"]
[WhiteFideId "14102110"]
[BlackFideId "615668"]
[EventDate "2016.10.01"]

1. e4 c5 2. Nf3 e6 3. d4 cxd4 4. Nxd4 Nc6 5. Nc3 Qc7 6. Be2 a6 7. O-O Nf6 8. Be3
d6 9. f4 Be7 10. Kh1 O-O 11. Qe1 Nxd4 12. Bxd4 b5 13. a3 Bb7 14. Qg3 Rad8 15.
Rae1 Rd7 16. Bd3 Re8 17. Re2 Qd8 18. Qh3 Bf8 19. e5 dxe5 20. Bxe5 g6 21. f5 Bg7
22. fxe6 Rxe6 23. Bxf6 Rxf6 24. Rfe1 Re6 25. Rxe6 fxe6 26. Qxe6+ Rf7 27. Rf1 Qe7
28. Qxf7+ Qxf7 29. Rxf7 Kxf7 30. Kg1 h5 31. Ne4 Bxe4 32. Bxe4 Bxb2 33. Bb7 a5
34. Bc6 Bxa3 1/2-1/2

[Event "chess.com IoM Masters"]
[Site "Douglas ENG"]
[Date "2016.10.09"]
[Round "9.43"]
[White "Gill, Neville B K"]
[Black "Scott, Luke"]
[Result "1-0"]
[WhiteElo "2102"]
[BlackElo "2018"]
[WhiteFideId "404012"]
[BlackFideId "2507986"]
[EventDate "2016.10.01"]

1. d4 Nf6 2. Nf3 e6 3. c4 c5 4. e3 b6 5. Nc3 Bb7 6. Bd3 Nc6 7. O-O cxd4 8. exd4
d6 9. b3 Be7 10. Bb2 O-O 11. Re1 d5 12. Qe2 Re8 13. Rad1 Rc8 14. Bb1 Ba6 15. Ne5
dxc4 16. bxc4 Na5 17. Bd3 Nb7 18. d5 exd5 19. Nxd5 Nxd5 20. Bxh7+ 1-0

[Event "chess.com IoM Masters"]
[Site "Douglas ENG"]
[Date "2016.10.09"]
[Round "9.44"]
[White "Hill, Alistair"]
[Black "Paehtz, Thomas"]
[Result "0-1"]
[BlackTitle "GM"]
[WhiteElo "2249"]
[BlackElo "2356"]
[WhiteFideId "432407"]
[BlackFideId "4611349"]
[EventDate "2016.10.01"]

1. d4 g6 2. e4 Bg7 3. Nf3 d6 4. Bd3 Nf6 5. O-O O-O 6. Re1 c5 7. d5 e5 8. dxe6
Bxe6 9. c4 Nc6 10. h3 Nd7 11. Nc3 Nde5 12. Nxe5 Bxe5 13. Bh6 Bxh3 14. gxh3 Qh4
15. Bxf8 Qxh3 16. Re3 Bh2+ 17. Kh1 Bg3+ 0-1

[Event "chess.com IoM Masters"]
[Site "Douglas ENG"]
[Date "2016.10.09"]
[Round "9.45"]
[White "Lyell, Mark"]
[Black "Van Foreest, Lucas"]
[Result "0-1"]
[WhiteTitle "FM"]
[WhiteElo "2190"]
[BlackElo "2350"]
[WhiteFideId "402354"]
[BlackFideId "1039792"]
[EventDate "2016.10.01"]

1. e4 e5 2. Nc3 Nf6 3. g3 d5 4. exd5 Nxd5 5. Bg2 Nxc3 6. bxc3 Nc6 7. Nf3 Bc5 8.
O-O O-O 9. Re1 Bb6 10. Bb2 Bg4 11. h3 Bh5 12. g4 Bg6 13. d4 exd4 14. cxd4 f5 15.
g5 Bh5 16. d5 Na5 17. Rb1 Nc4 18. Bc1 Nd6 19. Be3 f4 20. Bc1 Bg6 21. Ba3 Ne4 22.
Rxe4 Bxe4 23. Bxf8 Qxf8 24. Nd2 Bg6 25. Nc4 Bxf2+ 26. Kxf2 Qc5+ 27. Kf1 Qxc4+
28. Qe2 Qxa2 29. Rxb7 Qa1+ 30. Kf2 Qd4+ 31. Kf1 Re8 32. Qg4 Bd3+ 33. cxd3 Qa1+
34. Kf2 Qe1+ 35. Kf3 Qe2+ 36. Kxf4 Qe3+ 37. Kf5 g6+ 38. Kf6 Rf8# 0-1

[Event "chess.com IoM Masters"]
[Site "Douglas ENG"]
[Date "2016.10.09"]
[Round "9.46"]
[White "Formento, Paolo"]
[Black "Rodshtein, Tereza"]
[Result "0-1"]
[WhiteTitle "FM"]
[BlackTitle "WGM"]
[WhiteElo "2326"]
[BlackElo "2207"]
[WhiteFideId "861162"]
[BlackFideId "325449"]
[EventDate "2016.10.01"]

1. d4 d5 2. c4 c6 3. Nf3 Nf6 4. e3 Bf5 5. Nc3 e6 6. Nh4 Bg6 7. Be2 Nbd7 8. g3
Bd6 9. O-O O-O 10. Nxg6 hxg6 11. Qc2 Qe7 12. Rd1 Rac8 13. Bd2 e5 14. dxe5 Nxe5
15. cxd5 cxd5 16. Be1 Qe6 17. Kg2 Rfd8 18. Qb3 Bc5 19. Rac1 Qf5 20. Qa4 g5 21.
Rd2 Rc6 22. e4 Qh7 23. Nxd5 Nxe4 24. Nf6+ gxf6 25. Rxd8+ Kg7 26. f3 Bg1 27. Kxg1
Rxc1 28. Rd1 Nc5 29. Qd4 Rc2 30. Rd2 Rc1 31. Rd1 Rc2 32. Bd2 Ne6 33. Qe3 Qf5 34.
Bc3 Nc5 35. g4 Qf4 36. Qxf4 gxf4 37. Rd2 Rc1+ 38. Kg2 Na4 39. Bd4 Nc6 40. Bf2
Rb1 41. Bb5 Nxb2 42. Bxc6 bxc6 43. Bxa7 Nc4 44. Rc2 Ne5 45. Bd4 Rd1 46. Bc3 Rd3
47. g5 Kg6 48. gxf6 Nxf3 49. a4 Ng5 50. Be1 Ne4 51. Kf1 Kf5 52. Rc1 Ra3 53. a5
Ra2 0-1

[Event "chess.com IoM Masters"]
[Site "Douglas ENG"]
[Date "2016.10.09"]
[Round "9.47"]
[White "Vardan, Nagpal"]
[Black "L'Ami, Alina"]
[Result "1/2-1/2"]
[BlackTitle "IM"]
[WhiteElo "2117"]
[BlackElo "2322"]
[WhiteFideId "25089544"]
[BlackFideId "1210246"]
[EventDate "2016.10.01"]

1. d4 Nf6 2. c4 g6 3. Nc3 Bg7 4. e4 d6 5. f3 O-O 6. Nge2 c6 7. Be3 e5 8. d5 cxd5
9. cxd5 Nbd7 10. Qd2 a6 11. Nc1 b5 12. Nd3 Nb6 13. b3 Nh5 14. O-O-O Bd7 15. g4
Nf4 16. Nxf4 exf4 17. Bd4 Bxd4 18. Qxd4 Qc7 19. Kb2 Rfc8 20. Bd3 Rab8 21. Ne2
Nc4+ 22. Ka1 Ne5 23. Rhf1 g5 24. h4 f6 25. Qb2 Qb6 26. Nd4 b4 27. Bc4 Rxc4 28.
bxc4 Nxc4 29. Qb3 Ne3 30. Rh1 Nxd1 31. Rxd1 Qc5 32. Nc6 Rb6 33. Kb1 h6 34. hxg5
hxg5 35. Rc1 Qe3 36. Qxe3 fxe3 37. Nd4 Bb5 38. Re1 e2 39. Kb2 Bc4 40. Nxe2 b3
41. a3 Bxe2 1/2-1/2

[Event "chess.com IoM Masters"]
[Site "Douglas ENG"]
[Date "2016.10.09"]
[Round "9.48"]
[White "Kolbus, Dietmar"]
[Black "Herbold, Manfred"]
[Result "1/2-1/2"]
[WhiteTitle "IM"]
[BlackTitle "CM"]
[WhiteElo "2321"]
[BlackElo "2155"]
[WhiteFideId "4610628"]
[BlackFideId "4682882"]
[EventDate "2016.10.01"]

1. c4 c5 2. Nf3 g6 3. e4 Nc6 4. d4 cxd4 5. Nxd4 Nf6 6. Nc3 d6 7. Be2 Nxd4 8.
Qxd4 Bg7 9. Bg5 h6 10. Be3 O-O 11. Qd2 Kh7 12. f3 Be6 13. Rc1 Qa5 14. O-O Rfc8
15. b3 a6 16. Rfd1 b5 17. Nd5 Qxd2 18. Bxd2 Nxd5 19. cxd5 Bd7 20. Rxc8 Rxc8 21.
Rc1 Rxc1+ 22. Bxc1 Bd4+ 23. Kf1 Kg7 24. Bd3 h5 25. Bg5 Kf8 26. h3 f5 27. Ke2 Kf7
28. Bc2 Bc5 29. exf5 gxf5 30. a4 e6 31. dxe6+ Bxe6 32. axb5 axb5 33. Kd3 Kg6 34.
Bf4 Kf6 35. Bd1 Bc8 36. Be2 Be6 37. Kc2 Bd7 38. Bd3 d5 39. Kd2 Bb4+ 40. Ke2 Bc5
41. Bc7 Bd4 42. f4 Bc3 43. Kd1 Bc6 44. Ke2 Ke6 45. g3 1/2-1/2

[Event "chess.com IoM Masters"]
[Site "Douglas ENG"]
[Date "2016.10.09"]
[Round "9.49"]
[White "Peek, Marcel"]
[Black "Arnold, Max"]
[Result "1/2-1/2"]
[WhiteTitle "IM"]
[WhiteElo "2319"]
[BlackElo "2202"]
[WhiteFideId "1000462"]
[BlackFideId "24682810"]
[EventDate "2016.10.01"]

1. d4 Nf6 2. Nf3 e6 3. c4 Bb4+ 4. Bd2 a5 5. g3 d6 6. Bg2 Nbd7 7. O-O e5 8. e3 c6
9. a3 Bxd2 10. Nfxd2 O-O 11. Nc3 exd4 12. exd4 Nb6 13. b4 Be6 14. Qb3 a4 15. Qa2
Qd7 16. Rfe1 Rfe8 17. d5 cxd5 18. cxd5 Bh3 19. Nc4 Nxc4 20. Qxc4 Rec8 21. Qd4 b5
22. Ne4 Nxe4 23. Qxe4 Bxg2 24. Kxg2 Rc4 25. Qf3 h6 26. Re3 Re8 27. Rae1 Rxe3 28.
Rxe3 Qd8 29. h4 g6 30. h5 g5 31. Qf5 Kg7 32. Rf3 Qe7 33. Kh2 1/2-1/2

[Event "chess.com IoM Masters"]
[Site "Douglas ENG"]
[Date "2016.10.09"]
[Round "9.50"]
[White "Karthik, Venkataraman"]
[Black "De Rosa, Mariagrazia"]
[Result "1-0"]
[WhiteTitle "FM"]
[BlackTitle "WFM"]
[WhiteElo "2317"]
[BlackElo "2102"]
[WhiteFideId "25006479"]
[BlackFideId "815136"]
[EventDate "2016.10.01"]

1. d4 Nf6 2. c4 g6 3. Nc3 Bg7 4. e4 d6 5. Be2 O-O 6. Nf3 e5 7. d5 a5 8. Bg5 h6
9. Be3 Ng4 10. Bd2 f5 11. h3 Nf6 12. exf5 gxf5 13. Qc1 f4 14. g3 e4 15. Nh4 e3
16. fxe3 fxg3 17. Ng6 Re8 18. Qc2 Na6 19. O-O-O Bd7 20. Rhg1 Qc8 21. Nh4 Nc5 22.
Qg6 Nfe4 23. Nxe4 Nxe4 24. Bd3 Ng5 25. Rxg3 Re5 26. Rxg5 Rxg5 27. Qh7+ Kf8 28.
Rf1+ Ke7 29. Ng6+ 1-0